Euroopan maakoodit - Statistics

Yleistilastot
  • Tätä visaa on pelattu 980 kertaa
  • Keskiarvotulos 18 / 44
Vastaustilastot
Valtio Koodi % Oikein
Belgia BE
86%
Albania AL
84%
Italia IT
84%
Espanja ES
83%
Islanti IS
78%
Andorra AD
74%
Kreikka GR
67%
Luxemburg LU
67%
Alankomaat NL
67%
Norja NO
66%
Bulgaria BG
61%
Liechtenstein LI
61%
Liettua LT
59%
Latvia LV
57%
Malta MT
56%
Monaco MC
55%
Moldova MD
54%
Ranska FR
52%
Suomi FI
51%
Itävalta AT
47%
Romania RO
46%
Puola PL
45%
Ruotsi SE
45%
Saksa DE
40%
Irlanti IE
40%
Portugali PT
35%
San Marino SM
33%
Kroatia HR
29%
Montenegro ME
28%
Bosnia ja Hertsegovina BA
23%
Slovakia SK
16%
Tanska DK
14%
Pohjois-Makedonia MK
14%
Venäjä RU
14%
Sveitsi CH
13%
Tšekki CZ
11%
Unkari HU
11%
Viro EE
10%
Yhdistynyt kuningaskunta GB
8%
Ukraina UA
8%
Vatikaanivaltio VA
7%
Serbia RS
6%
Slovenia SI
6%
Valko-Venäjä BY
2%
Ehtoja vastaavia visoja ei löytynyt
Tulosjakauma
Jokaisen tuloksen saaneiden osuus
Persentiili vastausten määrän mukaan
Tuloshistoriasi
Et ole pelannut tätä visaa